00310nam a2200145Ia 45000030006000000050017000060080041000230400009000640410012000730820008000851000013000932450041001062600009001473000008001560Nust20170105110305.0161124s9999 xx 000 0 und d cIGIS aEnglish aKat aPakistan aOur Quaid As Remembered and Reproted c2002 a514